Ariana Grande - Chansons en emojis #4 - Statistiques

Statistiques générales
  • Ce quiz a été pris 6 fois
  • Le résultat moyen est 2 sur 7
Statistiques - réponses
Emojis Chansons % Correct
⚠️👩🏻 Dangerous Woman
75%
🍯🌙🏘️ Honeymoon Avenue
50%
👣🔛🆙 Step on Up
50%
👀🆙 Just Look Up
25%
🙂‍↕️🤷‍♀️? yes, and?
25%
➡️🙋🏻‍♀️🧠 in my head
0%
🩷🙋🏻‍♀️💗 Love Me Harder
0%
Aucun quiz correspondant
Distribution des résultats
% des personnes avec chaque résultat
Percentile par nombre de réponses
Votre historique - résultats
Vous n’avez pas pris ce quiz